LEADER 01078nam a2200289 i 4500 001 991000481629707536 008 041012s1998 it 001 0 ita 020 $a8809214145 035 $ab13227373-39ule_inst 040 $aDip.to di Filol. Class. e di scenze Filosofiche$bita 041 1 $aita$hlat 082 0 $a611 100 1 $aBenedetti, Alessandro$0353192 245 10$aHistoria corporis humani sive Anatomice /$cAlessandro Benedetti ; introduzione, traduzione e cura di Giovanna Ferrari 246 33$aAnatomice 260 $aFirenze :$bGiunti,$c1998 300 $a364 p. ;$c24 cm 440 0$aBiblioteca della scienza italiana ;$v21 500 $aTesto latino a fronte 650 4$aAnatomia umana 700 1 $aFerrari, Giovanna 907 $a.b13227373$b21-09-06$c12-10-04 912 $a991000481629707536 945 $aLE007 610 BEN 01.01$g1$i2007000084069$lle007$o-$pE0.00$q-$rl$s- $t0$u0$v0$w0$x0$y.i13893841$z12-10-04 996 $aHistoria corporis humani sive Anatomice$91099594 997 $aUNISALENTO 998 $ale007$b12-10-04$cm$da $e-$fita$git $h0$i0